| 000 | 00828nam a2200193 i 4500 | ||
|---|---|---|---|
| 001 | 51942 | ||
| 003 | ES-MaACL | ||
| 005 | 20230906162457.0 | ||
| 007 | t| | ||
| 008 | 030821s1897 sp |||| | spa d | ||
| 100 | 1 |
_aChicote, César. _938494 |
|
| 245 | 1 | 3 |
_aEl saneamiento de San Sebastián _b: informe de un anteproyecto de saneamiento de la parte antigua / _cpor César Chicote. |
| 260 |
_aSan Sebastián : _b[s.n.], _c1897 ( _fImp. de J. Baroja e Hijo) |
||
| 300 |
_a25 p. ; _c27 cm. |
||
| 530 | _aDisponible en formato digital. | ||
| 650 | 4 |
_aSalubridad pública- _zSan Sebastián. _9166318 |
|
| 852 |
_aES-MaACL _jR-1748(3) _z- Encuadernado con otras obras _x Olim : T-651-F |
||
| 856 |
_uhttp://bibliotecavirtual.ranf.com/i18n/consulta/registro.cmd?id=11115 _zBiblioteca Virtual de la Real Academia Nacional de Farmacia |
||
| 999 |
_c51942 _d51942 |
||